| 000 | 00523cab a2200205 4500 | ||
|---|---|---|---|
| 001 | X2271 | ||
| 008 | 090401t1995 xxu||||| |||| 00| 0 eng d | ||
| 035 | _a(Sirsi) u23058 | ||
| 041 | _aeng | ||
| 245 | _aRICS contacts | ||
| 260 | _c1995 | ||
| 350 | _a0 | ||
| 490 |
_aCSM (Chartered Surveyor Monthly) _v4(6) April 1995, 57(1) |
||
| 650 | _aQUANTITY SURVEYING DIVISION | ||
| 650 | _aRICS REORGANISATION | ||
| 690 | _aPROFESSIONAL PRACTICE | ||
| 690 |
_aQuantity surveying _96263 |
||
| 942 | _n0 | ||
| 948 | _c04/03/1997 | ||
| 999 |
_c15450 _d15450 |
||